Normal view
MARC view
Entry Personal Name
001 - CONTROL NUMBER
- control field: 83180
003 - CONTROL NUMBER IDENTIFIER
- control field: dpl
005 - DATE AND TIME OF LATEST TRANSACTION
- control field: 20250723124345.0
008 - FIXED-LENGTH DATA ELEMENTS
- fixed length control field: 250723|| aca||aabn | a|a d
040 ## - CATALOGING SOURCE
- Original cataloging agency: dpl
- Transcribing agency: dpl
100 ## - HEADING--PERSONAL NAME
- Personal name: टण्डन शिप्रा
670 ## - SOURCE DATA FOUND
- Source citation: Work cat.: (dpl)212492: टण्डन शिप्रा, क्रन्तिकारी आन्दोलन में वाराणसी की भूमिका / , 2011
